Manual for diagnosing nutritional requirements for Hevea (Record no. 40335)

MARC details
000 -LEADER
fixed length control field 00370nam a2200133Ia 4500
082 ## - DEWEY DECIMAL CLASSIFICATION NUMBER
Classification number NR:63:631.81
Item number MAN
245 #0 - TITLE STATEMENT
Title Manual for diagnosing nutritional requirements for Hevea
260 ## - PUBLICATION, DISTRIBUTION, ETC. (IMPRINT)
Place of publication Malaysia
Name of publisher RRIM
Year of publication 1990
650 ## - SUBJECT ADDED ENTRY--TOPICAL TERM
Topical Term Hevea foliar analysis
650 ## - SUBJECT ADDED ENTRY--TOPICAL TERM
Topical Term Soil analysis
650 ## - SUBJECT ADDED ENTRY--TOPICAL TERM
Topical Term Soil nutrients
942 ## - ADDED ENTRY ELEMENTS (KOHA)
Koha item type Books
Holdings
Withdrawn status Lost status Damaged status Not for loan Home library Current library Date acquired Cost, normal purchase price Full call number Accession Number Koha item type
        RRII Library RRII Library 16/12/2021 15.00 NR:63:631.81 MAN 20636 Books